Mergers and Acquisitions (Record no. 88481)
[ view plain ]
| 000 -LEADER | |
|---|---|
| fixed length control field | 00586nam a2200205Ia 4500 |
| 008 - FIXED-LENGTH DATA ELEMENTS--GENERAL INFORMATION | |
| fixed length control field | 230125s9999 xx 000 0 und d |
| 020 ## - INTERNATIONAL STANDARD BOOK NUMBER | |
| International Standard Book Number | 1-84112-339-0 |
| 041 ## - LANGUAGE CODE | |
| Language code of text/sound track or separate title | eng |
| 082 ## - DEWEY DECIMAL CLASSIFICATION NUMBER | |
| Classification number | 658.16 |
| Item number | ROM |
| 100 ## - MAIN ENTRY--PERSONAL NAME | |
| Personal name | Romanek B |
| 9 (RLIN) | 111565 |
| 245 ## - TITLE STATEMENT | |
| Title | Mergers and Acquisitions |
| 260 ## - PUBLICATION, DISTRIBUTION, ETC. (IMPRINT) | |
| Date of publication, distribution, etc. | 2002 |
| Name of publisher, distributor, etc. | Capstone publication |
| Place of publication, distribution, etc. | London |
| 300 ## - PHYSICAL DESCRIPTION | |
| Extent | 110p |
| 440 ## - SERIES STATEMENT/ADDED ENTRY--TITLE | |
| Title | Essential Management Thinking At Your Fingertips Series |
| 9 (RLIN) | 107434 |
| 500 ## - GENERAL NOTE | |
| Keywords | Series Book;Finance Series Book |
| 650 ## - SUBJECT ADDED ENTRY--TOPICAL TERM | |
| Topical term or geographic name as entry element | Management |
| 700 ## - ADDED ENTRY--PERSONAL NAME | |
| Personal name | Romanek B & Krus C M |
| 9 (RLIN) | 111566 |
| 906 ## - LOCAL DATA ELEMENT F, LDF (RLIN) | |
| b | 24 |
| Withdrawn status | Lost status | Damaged status | Not for loan | Home library | Current library | Date acquired | Vendor | Cost, normal purchase price | Bill number | Total Checkouts | Full call number | Barcode | Date last seen | Cost, replacement price | Bill Date | Koha item type | Original Barcode |
|---|---|---|---|---|---|---|---|---|---|---|---|---|---|---|---|---|---|
| Smt. Hiraben Nanavati Institute of Management & Research for Women | Smt. Hiraben Nanavati Institute of Management & Research for Women | 28/04/2003 | The Word Book Shop | 160.00 | 15931 | 658.16 ROM B03408 | HIMR-BK-3408 | 25/01/2023 | 136.00 | 10/04/2003 | Books | B03408 |